[Event "Baltic Zonal 2018"]
[Site "Tallinn"]
[Date "2018.05.20"]
[Round "9"]
[White "Rozentalis, Eduardas"]
[Black "Kovalenko, Igor"]
[Result "0-1"]
[WhiteElo "2523"]
[BlackElo "2626"]
[Annotator "TA"]
[PlyCount "72"]
[EventDate "2018.??.??"]
[EventType "swiss"]
[EventCountry "EST"]
[SourceTitle "playchess.com"]
[Source "ChessBase"]
[SourceQuality "1"]

{[%evp 20,72,20,16,17,17,31,17,22,16,21,-23,-22,-38,-31,-38,-43,-32,-33,-33,0,-60,-33,-44,-37,-41,-47,-151,-151,-152,-159,-161,-155,-181,-180,-184,-180,-204,-189,-265,-242,-248,-238,-651,-628,-766,-741,-790,-783,-929,-904,-1433,-1402,-2714,-2656]} 1. e4 c5 2. Nf3 Nc6 3. Bb5 g6 4. O-O Bg7 5. Re1 Nf6 6. e5 Nd5 7. Nc3 Nc7 8. Bxc6 dxc6 9. Ne4 Ne6 10. d3 b6 {B31: Sicilian: 2...Nc6 3 Bb5 g6} 11. Bd2 {LiveBook: 3 Games} (11. Be3 O-O 12. Qd2 Re8 13. a3 Nd4 14. Nxd4 cxd4 15. Bf4 c5 16. Ng3 Qd5 17. f3 Be6 18. b3 b5 19. Ne4 c4 20. b4 {½-½ (52) Cuartas,J (2503)-Cori Tello,J (2648) Vallfogona de Balague 2017}) 11... h6 12. a4 $146 ({Predecessor:} 12. Qc1 Qc7 13. Bc3 Bb7 14. Nf6+ Kf8 15. Ne4 Kg8 16. a4 a5 17. Qe3 Rd8 18. Ng3 {1-0 (29) Horvath,Z (2400)-Roganovic,M (2518) Hungary 2012}) 12... a5 {The position is equal.} 13. h3 O-O 14. b3 Ra7 15. Qe2 f5 16. exf6 exf6 17. Rad1 f5 18. Ng3 $1 Kh7 19. Bc1 Qd6 20. c4 (20. Qd2 $11) 20... g5 21. Bb2 Nd4 $36 {[%mdl 2048] Black has some pressure.} 22. Nxd4 cxd4 23. f4 ({White should try} 23. Qh5 $15) 23... Qxf4 $17 ({And not} 23... gxf4 24. Nh5 $11) 24. Nh5 Qd6 25. Nxg7 Kxg7 26. Qe5+ Qxe5 27. Rxe5 c5 28. Rde1 f4 {[%cal Bf5f4,Bf4g3][%mdl 32]} 29. Bc1 (29. Kf2 $142) 29... Bf5 30. h4 Kg6 ({Don't do} 30... gxh4 31. Re7+ Rxe7 32. Rxe7+ Kf6 33. Rb7) ({Don't take} 30... Bxd3 31. hxg5 h5 32. Kf2) 31. g3 $2 {[#]} (31. Rd1) 31... fxg3 $19 {Black is clearly winning.} 32. hxg5 h5 {[%cal Bh6h5,Bh5h4][%mdl 32]} 33. Rd5 Rd7 34. Kg2 h4 35. Rh1 Rxd5 36. cxd5 Kh5 {Precision: White = 25%, Black = 80%.} 0-1

[Event "Baltic Zonal 2018"]
[Site "Tallinn"]
[Date "2018.05.20"]
[Round "9"]
[White "Meskovs, Nikita"]
[Black "Sarakauskas, Gediminas"]
[Result "1/2-1/2"]
[WhiteElo "2510"]
[BlackElo "2424"]
[Annotator "TA"]
[PlyCount "56"]
[EventDate "2018.??.??"]
[EventType "swiss"]
[EventCountry "EST"]
[SourceTitle "playchess.com"]
[Source "ChessBase"]
[SourceQuality "1"]

{[%evp 10,56,29,0,50,35,47,53,81,66,63,79,74,75,102,110,168,63,52,56,42,52,42,41,39,45,33,29,71,80,89,8,47,0,0,0,0,0,0,0,0,0,0,0,0,0,0,0,0]} 1. c4 Nf6 2. Nf3 e6 3. g3 d5 4. d4 dxc4 5. Bg2 c5 6. Na3 {LiveBook: 9 Partien. E04: Katalanisch} (6. O-O Nc6 7. dxc5 Qxd1 8. Rxd1 Bxc5 9. Nfd2 Na5 10. Na3 Bxa3 11. bxa3 Nd5 12. Ne4 O-O 13. Bd2 b6 14. Rac1 Ba6 15. Bxa5 bxa5 {1-0 (39) Carlsen,M (2837)-Harikrishna,P (2744) Riadh 2017}) 6... c3 7. O-O $146 ({Vorgänger:} 7. bxc3 cxd4 8. O-O Qa5 9. Nc4 Qc7 10. Nfe5 Nd5 11. cxd4 Nc6 12. Nxc6 bxc6 13. Bd2 Be7 {1-0 (46) Ovcina,D (2233)-Lekalakalae,M (1857) Johannesburg 2015}) 7... cxb2 8. Bxb2 {Weiß steht etwas besser.} Nc6 9. Rc1 cxd4 10. Nb5 {[%cal Rf3d4]} a6 11. Nbxd4 Nxd4 12. Nxd4 Be7 {[#]} (12... e5 $16 {ist eine bessere Verteidigung.}) 13. Qb3 (13. Nc6 $1 $18 {[%cal Rc6d8]} bxc6 14. Qxd8+ Kxd8 15. Bxc6) 13... O-O $14 14. Rfd1 ({Doch nicht} 14. Bxb7 Bxb7 15. Qxb7 Rb8 $15) 14... Qa5 15. Bxb7 Bxb7 16. Qxb7 Ba3 $1 17. Bxa3 Qxa3 18. Nc6 {Und Se7+ würde nun gewinnen.} Rfe8 19. Rc4 Qxa2 {[#]} 20. Rcd4 (20. Rdc1 $1 $16) 20... e5 21. Rd6 {Droht stark Dxa8!} Qc4 {Die Stellung ist ausgeglichen.} 22. Nxe5 Qxe2 23. Qxf7+ Kh8 24. f4 {[%cal Bf2f4,Bf4e5][%mdl 32]} Rxe5 25. fxe5 Qe3+ 26. Kg2 {Weiss will mit Td8+ Matt setzen.} Qe2+ $1 27. Kg1 {jetzt Td8+ und aus.} Qe3+ 28. Kg2 {Droht Matt per Td8+.} Qe2+ $1 {Precision: Weiß = 63%, Schwarz = 70%.} 1/2-1/2

[Event "Baltic Zonal 2018"]
[Site "Tallinn"]
[Date "2018.05.20"]
[Round "9"]
[White "Sulskis, Sarunas"]
[Black "Kantans, Toms"]
[Result "1-0"]
[WhiteElo "2503"]
[BlackElo "2510"]
[Annotator "TA"]
[PlyCount "97"]
[EventDate "2018.??.??"]
[EventType "swiss"]
[EventCountry "EST"]
[SourceTitle "playchess.com"]
[Source "ChessBase"]
[SourceQuality "1"]

{[%evp 14,97,12,10,18,13,13,18,13,1,0,0,0,0,7,4,10,0,18,0,0,0,36,23,41,36,46,45,41,0,43,42,36,41,41,39,72,51,73,68,60,46,108,112,110,116,135,132,188,131,165,164,167,164,173,158,308,293,347,325,742,742,689,727,979,996,960,831,884,994,934,982,1012,952,947,928,881,835,1091,851,1032,972,2214,1916,5081,2354]} 1. e4 e5 2. Nf3 Nc6 3. d4 exd4 4. Nxd4 Bc5 5. Nxc6 Qf6 6. Qf3 dxc6 7. Nc3 {C45: Scotch Game} Be6 8. Be3 {LiveBook: 15 Games} Qe7 9. O-O-O $146 {The position is equal.} ({Predecessor:} 9. Bxc5 Qxc5 10. O-O-O Nf6 11. h3 O-O 12. Kb1 b5 13. Bd3 Nd7 14. Qg3 Nb6 {1-0 (34) Savchenko,B (2583)-Mamedyarov,S (2752) Moscow 2007}) 9... Nf6 {aiming for ...Bg4.} 10. h3 Nd7 11. Qg3 O-O-O 12. Qxg7 Bxe3+ 13. fxe3 h5 14. Qg3 Rhg8 15. Qf4 Rg5 16. Be2 Rdg8 17. Bf3 Ra5 18. Nd5 cxd5 19. exd5 Rxa2 20. Kb1 Ra5 21. Rd4 Nf6 {[%cal Rf6d5]} 22. dxe6 fxe6 23. Ra4 Rxa4 $1 24. Qxa4 Kb8 25. Rd1 e5 26. Qb3 $40 {[%csl Gf3][%cal Rb3b7][%mdl 128] White mounts an attack.} b6 ({Not} 26... e4 $2 27. Bxe4 $1 {[%mdl 512]} c5 28. Bf3 $18) 27. Bxh5 a5 (27... Rxg2 $14 28. Bf3 Rg8) 28. g4 $1 $16 Rg7 29. Qd3 Kb7 30. Qf5 a4 (30... Nxh5 $16 31. Qe4+ (31. Qxh5 Rh7 $16) (31. gxh5 Qh4 $14) 31... c6) 31. Rf1 ({Better is} 31. Bg6 $18) 31... Nd5 {[#]} 32. Qe4 $1 {[%cal Re4d5]} c6 33. Qxa4 Nxe3 34. Rf3 b5 {[#]} (34... Qc5 $16) 35. Qa3 $1 $18 {[%cal Ra3e3]} Qxa3 36. bxa3 {[%mdl 4096] Endgame KRB-KRN} Nc4 $2 (36... Ng2 37. Rf7+ Rxf7 38. Bxf7 Kc7) 37. Rf7+ {White is clearly winning.} Rxf7 38. Bxf7 {KB-KN} Nd2+ 39. Kc1 Nf3 40. Bg6 Kc7 41. Be4 Ng5 42. Bg2 Kd6 43. Kd2 Ne6 44. h4 {[%cal Bh3h4,Bh4h5,Bh5h6][%mdl 32]} c5 45. g5 b4 46. a4 {[%cal Ba3a4,Ba4a5][%mdl 32]} c4 47. a5 Nc5 48. h5 e4 49. h6 {Precision: White = 85%, Black = 33%.} 1-0

[Event "Baltic Zonal 2018"]
[Site "Tallinn"]
[Date "2018.05.20"]
[Round "9"]
[White "Miezis, Normunds"]
[Black "Laurusas, Tomas"]
[Result "1/2-1/2"]
[WhiteElo "2456"]
[BlackElo "2428"]
[Annotator "TA"]
[PlyCount "39"]
[EventDate "2018.??.??"]
[EventType "swiss"]
[EventCountry "EST"]
[SourceTitle "playchess.com"]
[Source "ChessBase"]
[SourceQuality "1"]

{[%evp 16,25,0,0,10,16,11,1,20,0,0,-10]} 1. c4 c5 2. Nc3 Nc6 3. g3 g6 4. Bg2 Bg7 5. d3 e6 6. e4 Nge7 7. Nge2 O-O 8. O-O d6 9. Rb1 {LiveBook: 147 Partien. Die Stellung ist ausgeglichen.} Qd7 {A36: Englische Eröffnung (Botwinnik-Variante)} (9... b6 10. a3 Bb7 11. b4 Nd4 12. Be3 Qd7 13. Qd2 Nxe2+ 14. Nxe2 cxb4 15. axb4 d5 16. Qa2 Rfd8 17. Rfc1 Nc6 18. Bg5 Re8 19. cxd5 exd5 20. exd5 Ne7 21. Nf4 {½-½ (71) Gordievsky,D (2622)-Krasenkow,M (2671) Wijk aan Zee 2018}) 10. Be3 Nd4 11. b4 Nec6 12. a3 b6 13. f4 {Vorgänger:} Bb7 $146 14. g4 f5 15. gxf5 exf5 16. Nd5 Nxe2+ 17. Qxe2 Nd4 18. Bxd4 Bxd4+ 19. Kh1 Bxd5 20. cxd5 {0-1 (46) Leks,H (2146)-Choisy,M (2051) Heraklio 2004} 1/2-1/2

[Event "Baltic Zonal 2018"]
[Site "Tallinn"]
[Date "2018.05.20"]
[Round "9"]
[White "Seeman, Tarvo"]
[Black "Beinoras, Mindaugas"]
[Result "1-0"]
[WhiteElo "2426"]
[BlackElo "2350"]
[Annotator "TA"]
[PlyCount "75"]
[EventDate "2018.??.??"]
[EventType "swiss"]
[EventCountry "EST"]
[SourceTitle "playchess.com"]
[Source "ChessBase"]
[SourceQuality "1"]

{[%evp 18,75,21,0,16,0,1,0,12,0,25,41,36,39,37,23,52,15,7,0,46,20,110,107,97,102,104,103,122,122,110,106,112,64,64,70,63,61,74,68,225,207,245,199,261,259,261,261,261,261,261,263,261,264,264,264,4810,4806,4710,150]} 1. c4 e5 2. g3 Nf6 3. Bg2 d5 4. cxd5 Nxd5 5. Nf3 Nc6 6. O-O Nb6 7. b3 Bd6 8. Bb2 O-O 9. d3 Re8 {A20: English Opening: 1...e5} 10. Nbd2 {LiveBook: 4 Games} a5 $146 ({Predecessor:} 10... Bg4 11. h3 Bf5 12. Rc1 Qd7 13. Kh2 Rad8 14. a3 a5 15. Nh4 Be6 16. Nc4 Nxc4 17. bxc4 {0-1 (70) Nakamura,H (2779)-Vachier Lagrave,M (2804) Doha 2016}) 11. a3 f6 {The position is equal.} 12. Qc2 Be6 13. e3 Bf8 14. d4 exd4 15. Nxd4 Nxd4 16. Bxd4 Bd5 17. Rfd1 Bxg2 18. Kxg2 c6 (18... c5 $5 19. Bc3 (19. Bxc5 Qd5+ 20. Ne4 Qc6 $17) 19... a4 $11) 19. Nf3 Qc7 (19... Nd7 $11) 20. Bxb6 $1 $16 Qxb6 21. Qc4+ Kh8 22. Rd7 Re7 {[#]} 23. Rad1 $1 Rae8 24. a4 Qb4 25. Qxb4 axb4 26. R1d4 c5 27. R4d5 Rxd7 28. Rxd7 $14 {[%mdl 4096] Endgame KRB-KRN} c4 $2 {[#]} ({Black should try} 28... Re7 $14 29. Rd8 Kg8) 29. bxc4 $18 b6 30. Nd4 Rc8 (30... Rb8 {might work better.} 31. Kf3 Kg8) 31. Rb7 Kg8 32. Rxb6 Bc5 33. Rb7 Bxd4 34. exd4 Rxc4 35. a5 b3 36. d5 {[%cal Bd4d5,Bd5d6][%mdl 32]} Ra4 $2 (36... Kf8 37. Rxb3 Ra4 38. Rb8+ Kf7) 37. d6 Rxa5 38. Rb8+ {Precision: White = 63%, Black = 43%.} 1-0

[Event "Baltic Zonal 2018"]
[Site "Tallinn"]
[Date "2018.05.20"]
[Round "9"]
[White "Narva, Mai"]
[Black "Kalvaitis, Sigitas"]
[Result "1-0"]
[WhiteElo "2322"]
[BlackElo "2194"]
[Annotator "NA"]
[PlyCount "59"]
[EventDate "2018.??.??"]
[EventType "swiss"]
[EventCountry "EST"]
[SourceTitle "playchess.com"]
[Source "ChessBase"]
[SourceQuality "1"]
[TimeControl "5400+30"]

1. e4 {[%emt 0:00:00]} e5 {[%emt 0:00:05]} 2. Nf3 {[%emt 0:00:00]} Nf6 {[%emt 0:00:05]} 3. Nxe5 {[%emt 0:00:04]} d6 {[%emt 0:00:25]} 4. Nf3 {[%emt 0:00:13]} Nxe4 {[%emt 0:00:06]} 5. Nc3 {[%emt 0:00:35]} Nxc3 {[%emt 0:00:05]} 6. dxc3 {[%emt 0:00:09]} Be7 {[%emt 0:00:04]} 7. Be3 {[%emt 0:03:43]} O-O {[%emt 0:00:26]} 8. Qd2 {[%emt 0:00:28] C42: Petroff Defence: 3 Nxe5 and unusual White 3rd moves} Qe8 {[%emt 0:00:04]} (8... Nd7 9. O-O-O c6 10. Kb1 d5 11. c4 Nb6 12. cxd5 Nxd5 13. Bc4 Bf5 14. Bxd5 cxd5 15. Qxd5 Qc8 {0-1 (39) Robson,R (2660)-Caruana,F (2804) Saint Louis 2018}) 9. O-O-O {[%emt 0:03:55]} Qa4 {[%emt 0:00:41] LiveBook: 11 Games} 10. a3 $146 {[%emt 0:01:20]} ({Predecessor:} 10. Kb1 Nc6 11. Nd4 Nxd4 12. cxd4 Bf6 13. Be2 c6 14. g4 Be6 15. b3 Qa3 {0-1 (31) McShane,L (2640)-Fridman,D (2633) Katowice 2017}) 10... Nc6 {[%emt 0:02:08]} 11. h4 {[%emt 0:21:49]} Ne5 {[%emt 0:11:01]} 12. h5 {[%emt 0:04:23]} Be6 {[%emt 0:09:38]} 13. Bd4 {[%emt 0:12:39]} Rad8 {[%emt 0:19:37]} 14. Qf4 {[%emt 0:06:33]} Nxf3 {[%emt 0:03:27]} (14... Qa5 $16) 15. gxf3 {[%emt 0:13:29]} c5 {[%emt 0:06:23]} 16. Rg1 {[%emt 0:04:04]} f6 {[%emt 0:11:29]} 17. Rxg7+ {[%emt 0:03:39]} Kxg7 {[%emt 0:00:51]} 18. Bxf6+ {[%emt 0:00:16]} Bxf6 {[%emt 0:01:57]} 19. Qxa4 {[%emt 0:00:09]} Bg5+ {[%emt 0:00:27]} 20. Kb1 {[%emt 0:00:08]} Bf4 {[%emt 0:01:04]} 21. Qe4 {[%emt 0:01:48]} Be5 {[%emt 0:00:08]} 22. Bd3 {[%emt 0:01:44]} Bf5 {[%emt 0:01:48]} 23. Qxb7+ {[%emt 0:00:28]} Rd7 {[%emt 0:00:12]} 24. Qc6 {[%emt 0:01:39]} Be6 {[%emt 0:00:40]} 25. Rg1+ {[%emt 0:03:37]} Kh8 {[%emt 0:00:16]} 26. h6 {[%emt 0:01:49]} Rb8 {[%emt 0:01:28]} 27. Re1 {[%emt 0:02:43]} Re7 {[%emt 0:02:27]} 28. Rxe5 {[%emt 0:02:50]} dxe5 {[%emt 0:00:11]} 29. Qd6 {[%emt 0:00:27]} Rbe8 $18 {[%emt 0:02:33]} 30. Bb5 {[%emt 0:00:23]} 1-0

[Event "Baltic Zonal 2018"]
[Site "Tallinn"]
[Date "2018.05.20"]
[Round "9"]
[White "Vorobjov, Pavel"]
[Black "Chukavin, Kirill"]
[Result "1/2-1/2"]
[WhiteElo "2233"]
[BlackElo "2310"]
[Annotator "NA"]
[PlyCount "50"]
[EventDate "2018.??.??"]
[EventType "swiss"]
[EventCountry "EST"]
[SourceTitle "playchess.com"]
[Source "ChessBase"]
[SourceQuality "1"]
[TimeControl "5400+30"]

1. d4 {[%emt 0:00:00]} Nf6 {[%emt 0:00:14]} 2. c4 {[%emt 0:00:00]} e6 {[%emt 0:00:10]} 3. Nc3 {[%emt 0:00:00]} Bb4 {[%emt 0:00:33]} 4. e3 {[%emt 0:00:02]} O-O {[%emt 0:02:01]} 5. Nge2 {[%emt 0:00:23]} d5 {[%emt 0:00:39]} 6. a3 {[%emt 0:00:13]} Bd6 {[%emt 0:00:10]} 7. Ng3 {[%emt 0:00:37]} c6 {[%emt 0:03:15] E46: Nimzo-Indian: Rubinstein: 4 e3 0-0 5 Ne2 without early Bd3} 8. Be2 {[%emt 0:01:24]} Nbd7 {[%emt 0:04:06]} 9. O-O {[%emt 0:00:30]} dxc4 {[%emt 0:08:45]} 10. Bxc4 {[%emt 0:00:15]} e5 {[%emt 0:01:51]} 11. Ba2 {[%emt 0:00:43]} Nb6 {[%emt 0:02:36] LiveBook: 12 Partien} 12. dxe5 {[%emt 0:01:45]} Bxe5 {[%emt 0:00:29]} 13. Qc2 {[%emt 0:00:15] [#]} h5 $146 {[%emt 0:12:40]} ({Predecessor:} 13... Qe7 14. e4 Be6 15. Bxe6 Qxe6 {½-½ (51) Lopez Martinez,J (2584)-Meier,G (2648) Batumi 2018}) 14. Rd1 {[%emt 0:04:26]} Qc7 {[%emt 0:02:26]} 15. Nf1 {[%emt 0:01:27]} Re8 {[%emt 0:04:46]} 16. Bd2 {[%emt 0:04:28]} Ng4 {[%emt 0:11:58]} 17. f4 {[%emt 0:02:47]} Bd6 {[%emt 0:06:26]} 18. Qg6 {[%emt 0:09:20]} Bxf4 {[%emt 0:16:12]} 19. exf4 {[%emt 0:08:54]} Nd5 {[%emt 0:01:33]} 20. Nxd5 {[%emt 0:04:26]} cxd5 $11 {[%emt 0:00:38]} 21. Bxd5 {[%emt 0:00:34]} Be6 {[%emt 0:01:31]} 22. Qxh5 {[%emt 0:02:11]} Qb6+ {[%emt 0:01:59]} 23. Be3 {[%emt 0:06:53]} Nxe3 {[%emt 0:00:14]} 24. Nxe3 {[%emt 0:00:09]} Qxe3+ {[%emt 0:00:33]} 25. Kh1 {[%emt 0:00:24]} Qxf4 {[%emt 0:02:13]} 1/2-1/2

[Event "Baltic Zonal 2018"]
[Site "Tallinn"]
[Date "2018.05.20"]
[Round "9"]
[White "Berzina, Ilze"]
[Black "Tokranovs, Dmitrijs"]
[Result "1-0"]
[WhiteElo "2176"]
[BlackElo "2337"]
[Annotator "NA"]
[PlyCount "87"]
[EventDate "2018.??.??"]
[EventType "swiss"]
[EventCountry "EST"]
[SourceTitle "playchess.com"]
[Source "ChessBase"]
[SourceQuality "1"]
[TimeControl "5400+30"]

1. e4 e5 2. Nf3 Nc6 3. Bb5 Bc5 4. c3 f5 5. d4 fxe4 6. Bxc6 dxc6 7. Nxe5 Bd6 8. Qh5+ g6 9. Qe2 Bf5 {C64: Ruy Lopez: Classical Defence (3...Bc5) except 4 0-0 Nf6} 10. Bf4 Nf6 11. Nd2 Qe7 12. h3 O-O-O 13. O-O-O $146 ({Predecessor:} 13. O-O Rhg8 14. Bh2 h5 15. Ndc4 Nd5 16. f3 exf3 17. Qxf3 Bxe5 18. Nxe5 {1-0 (31) Anand,V (2776)-L'Ami,E (2605) Germany 2017}) 13... Nd5 14. Be3 Bxe5 15. dxe5 Nxe3 16. Qxe3 Qxe5 (16... c5 $11) 17. Nc4 Qb5 18. Qxa7 Qa6 19. Qxa6 bxa6 20. Na5 Be6 21. Nxc6 Rxd1+ 22. Kxd1 Rf8 23. Ke2 Bxa2 24. Ra1 Bc4+ 25. Ke3 Rf6 26. Ne5 Bd5 27. Ra5 Bb7 28. Nc4 Kd7 29. Nd2 Rd6 30. Nxe4 Bxe4 31. Kxe4 Re6+ 32. Re5 Rf6 33. f4 Kd6 34. b4 Kc6 35. g4 Kb6 36. Re7 Rc6 37. Kd4 Rd6+ 38. Ke5 Rd3 39. Rxh7 Rxc3 40. f5 gxf5 $18 41. gxf5 Kb5 42. f6 Kxb4 43. f7 Rf3 44. Rh4+ 1-0

[Event "Baltic Zonal 2018"]
[Site "Tallinn"]
[Date "2018.05.20"]
[Round "9"]
[White "Haavamae, Henrik"]
[Black "Ladva, Ottomar"]
[Result "1/2-1/2"]
[WhiteElo "2098"]
[BlackElo "2517"]
[Annotator "TA"]
[PlyCount "218"]
[EventDate "2018.??.??"]
[EventType "swiss"]
[EventCountry "EST"]
[SourceTitle "playchess.com"]
[Source "ChessBase"]
[SourceQuality "1"]

{[%evp 20,218,23,21,45,27,45,22,14,0,-23,-41,-22,-41,-28,-27,-33,-44,-40,-38,-16,-13,0,-35,-38,-54,-54,-57,-53,-77,-57,-54,-35,-73,-24,-23,-22,-24,-17,-17,-17,-24,-17,-15,0,-2,-7,-9,-7,-7,-7,-7,-7,-7,-7,-17,0,0,0,0,0,0,0,-2,-2,-2,-2,-2,-2,-2,-2,-2,-2,-3,-2,-3,-2,-2,0,0,0,-7,0,-7,-7,-7,-7,-7,-7,-7,-7,-7,-7,-7,-7,-7,-7,-7,-7,-7,-7,-7,-7,-7,-7,-7,-7,-7,-7,-7,-7,-7,-7,-7,-7,-7,-7,-7,-7,-8,-7,-7,-7,-7,-7,-7,0,-7,0,-7,0,-7,-7,-7,-7,-7,-7,-7,-7,-7,-7,-7,0,0,0,0,0,0,0,0,0,0,0,0,0,0,0,0,0,0,0,0,0,0,0,0,0,0,0,0,0,0,0,0,0,0,0,0,0,0,0,0,0,0,0,0,0,0,0,0,0,0,0,0,0,0,0,0,0,0,0]} 1. e4 c5 2. Nf3 e6 3. d4 cxd4 4. Nxd4 Nc6 5. Nc3 Qc7 6. Be3 a6 7. Bd3 b5 8. O-O Bb7 9. Qe2 Nf6 10. a3 h5 {B48: Sicilian: Taimanov: 5 Nc3 Qc7 6 Be3 a6 without Be2} (10... Rc8 11. Kh1 h5 12. Nxc6 Qxc6 13. Bg5 Bc5 14. Bxf6 gxf6 15. Nd5 Be7 16. Nxe7 Kxe7 17. f3 Qc5 18. Rac1 {1-0 (80) Savchenko,B (2556)-Potkin,V (2599) St Petersburg 2015}) 11. h3 {LiveBook: 8 Games} h4 12. Nf3 Be7 {White has an edge.} 13. Bg5 Ne5 14. Nxe5 Qxe5 15. f4 Qc5+ $146 ({Predecessor:} 15... Qd4+ 16. Kh2 Nh5 17. Qg4 Ng3 18. Rfd1 Qc5 19. Bxe7 Kxe7 20. Qxg7 Rag8 21. Qe5 Qf2 22. Bxb5 axb5 {½-½ (22) Zavadil,J (2075)-Omelka,A (2225) Czech Republic 1998}) 16. Kh2 Nh5 {aiming for ...Ng3.} 17. Bxe7 Kxe7 18. Qf2 Qxf2 19. Rxf2 g5 20. fxg5 Rhg8 21. Be2 (21. a4 {is interesting.} bxa4 22. Ne2 Rxg5 23. Ng1 Ng3 24. Rxa4 Bc6 25. Nf3) 21... Rxg5 22. Bxh5 Rxh5 23. Re1 Rg8 24. Rf4 a5 {[%cal Ba6a5,Ba5b4][%mdl 32]} 25. Re2 Rg7 26. Rg4 Rxg4 27. hxg4 $17 {[%mdl 4096] Endgame KRB-KRN} Rc5 28. Kh3 b4 29. axb4 axb4 30. Nd1 Rc4 31. Nf2 {The position is equal.} d5 32. e5 Rd4 33. c3 bxc3 34. bxc3 Rc4 35. Re3 Ra4 36. Kxh4 Ra3 37. Nd1 Bc6 38. c4 Ra1 39. cxd5 Bxd5 40. Nc3 Bxg2 41. Ne4 Bxe4 42. Rxe4 $11 {KR-KR} Kf8 43. Kg5 $1 Kg7 44. Re2 Ra5 45. Re4 Rb5 46. Re2 Rb4 47. Re3 Kf8 48. Kh5 Ke7 49. g5 Rb1 50. Re4 Rh1+ 51. Kg4 Kf8 52. Ra4 Kg7 53. Ra8 Rf1 54. Kh5 Re1 55. Ra5 Rh1+ 56. Kg4 Kg6 57. Ra8 Rg1+ 58. Kf4 Rf1+ 59. Ke4 Kxg5 {Black wants to play ...Re1+.} 60. Rg8+ Kh6 61. Rg2 Ra1 62. Kf4 Ra4+ 63. Kf3 $1 Rh4 64. Ke3 Rh5 65. Kf4 Rf5+ 66. Ke4 Rg5 67. Rf2 Kg7 68. Ra2 Rg4+ 69. Ke3 Rg1 70. Rf2 Re1+ 71. Kf4 Kf8 72. Ra2 Ke8 73. Ra7 Kd8 74. Kf3 Ke8 75. Kf4 Re2 76. Rb7 Rd2 77. Ke4 Rd7 78. Rb1 Kd8 79. Rc1 Rc7 80. Rd1+ Kc8 81. Rd2 Rc1 82. Rf2 Re1+ 83. Kd4 Rd1+ 84. Ke4 Rd7 85. Rc2+ Kb7 86. Rc1 Kb6 87. Rb1+ Kc5 88. Rc1+ Kb4 89. Rc8 Kb3 90. Rc6 Rd1 91. Rc7 Re1+ 92. Kd4 Rf1 93. Ke4 Kb4 94. Kd4 Kb5 95. Ke4 Kb6 96. Rc2 (96. Re7 {keeps more tension.} Re1+ 97. Kf4 Rf1+ 98. Ke4) 96... Ra1 97. Kd4 Ra4+ 98. Ke3 Ra5 99. Kd4 Rd5+ 100. Ke4 Rc5 101. Rf2 Rc4+ 102. Kd3 Rc7 (102... Rc5 {with more complications.} 103. Ke4) 103. Ke4 Rd7 104. Rc2 Kb5 105. Rc1 Kb4 106. Rc8 Ra7 107. Rb8+ Kc3 108. Rc8+ Kd2 109. Rd8+ Ke2 {Precision: White = 72%, Black = 74%.} 1/2-1/2